00638pab a2200181 454500008004000000100001900040245011900059260000900178300001300187362000800200650001600208650003300224650002100257773004300278909001100321999001900332952010500351180718b2018 xxu||||| |||| 00| 0 eng d aHellmann, Olli aHigh capacity, low resilience: The ?developmental? state and military?bureaucratic authoritarianism in South Korea c2018 ap.67-82. aJan aBureaucracy aState capacity - South Korea aAuthoritarianism aInternational Political Science Review a116902 c116896d116896 00104070aIIPAbIIPAd2018-07-19hVolume no: 39, Issue no: 1pAR117362r2018-07-19w2018-07-19yAR